[Event "Barcelona Escacs op 2nd"]
[Site "Barcelona"]
[Date "2017.11.03"]
[Round "5"]
[White "De la Cruz Montero, Santiago"]
[Black "Marches Rios, Joan Manuel"]
[Result "0-1"]
[WhiteElo "1861"]
[BlackElo "2059"]
[PlyCount "32"]
[EventDate "2017.09.29"]
[EventType "swiss"]
[EventRounds "9"]
[EventCountry "ESP"]
[SourceTitle "EXT 2019"]
[Source "ChessBase"]
[SourceDate "2018.10.10"]
[SourceVersion "1"]
[SourceVersionDate "2018.10.10"]
[SourceQuality "1"]

1. d4 d5 2. c4 c6 3. Nc3 Nf6 4. e3 e6 5. Nf3 Nbd7 6. Bd3 dxc4 7. Bxc4 b5 8. Bd3 Bd6 9. 0-0 0-0 10. Qc2 Bb7 11. e4 e5 12. dxe5 Nxe5 13. Nxe5 Bxe5 14. f4 Bd4+ 15. Kh1 Ng4 16. Be2 Nxh2 0-1

[Event "Barcelona Escacs op 2nd"]
[Site "Barcelona"]
[Date "2017.10.06"]
[Round "2"]
[White "De la Cruz Montero, Santiago"]
[Black "Valls Anton, Lluis Felip"]
[Result "1-0"]
[WhiteElo "1861"]
[BlackElo "1606"]
[PlyCount "76"]
[EventDate "2017.09.29"]
[EventType "swiss"]
[EventRounds "9"]
[EventCountry "ESP"]
[SourceTitle "EXT 2019"]
[Source "ChessBase"]
[SourceDate "2018.10.10"]
[SourceVersion "1"]
[SourceVersionDate "2018.10.10"]
[SourceQuality "1"]

1. d4 Nf6 2. c4 g6 3. Nc3 d5 4. cxd5 Nxd5 5. e4 Nxc3 6. bxc3 Bg7 7. Be3 c5 8. Bc4 Nc6 9. Nf3 Bg4 10. Bxf7+ Kxf7 11. Ng5+ Kg8 12. Qxg4 Qc8 13. Qf3 Qf8 14. Qxf8+ Rxf8 15. Ne6 cxd4 16. cxd4 Rf6 17. Nxg7 Kxg7 18. e5 Rff8 19. 0-0 e6 20. Rab1 b6 21. Rfd1 Kf7 22. Bg5 Rc8 23. Bf6 Rhe8 24. f4 Na5 25. d5 exd5 26. Rxd5 Rc7 27. Rbd1 Rec8 28. Bd8 Rb7 29. Rd6 Nc6 30. Bg5 Rcc7 31. e6+ Kf8 32. Rd7 Rxd7 33. exd7 Rb8 34. d8Q+ Nxd8 35. Rxd8+ Rxd8 36. Bxd8 Ke8 37. Bf6 Kd7 38. Kf2 Ke6 1-0

[Event "Barcelona Gotic op 1st"]
[Site "Barcelona"]
[Date "2017.05.30"]
[Round "6"]
[White "Alcaraz Lopez, Francesco"]
[Black "De la Cruz Montero, Santiago"]
[Result "0-1"]
[WhiteElo "1798"]
[BlackElo "1853"]
[PlyCount "91"]
[EventDate "2017.04.25"]
[EventType "swiss"]
[EventRounds "9"]
[EventCountry "ESP"]
[SourceTitle "EXT 2018"]
[Source "ChessBase"]
[SourceDate "2017.10.13"]
[SourceVersion "1"]
[SourceVersionDate "2017.10.13"]
[SourceQuality "1"]

1. c4 Nf6 2. d4 e6 3. Nc3 d5 4. e3 Be7 5. Nf3 0-0 6. Bd3 b6 7. 0-0 Bb7 8. cxd5 exd5 9. a3 Nbd7 10. b4 c5 11. bxc5 bxc5 12. Rb1 Rb8 13. Qa4 a5 14. Bd2 c4 15. Be2 Qc8 16. Rb2 Qc6 17. Qxa5 Ra8 18. Qb5 Qxb5 19. Nxb5 Bc6 20. Rfb1 Bxb5 21. Rxb5 Rxa3 22. Rb7 Ra2 23. Kf1 Bd6 24. Ke1 h6 25. h3 Rd8 26. g4 Ne4 27. Bb4 Bxb4+ 28. R7xb4 Rda8 29. Rc1 Ra1 30. Rbb1 Rxb1 31. Rxb1 Ra2 32. Rc1 Nb6 33. Ne5 Na4 34. f3 Nec3 35. Bf1 Rb2 36. e4 Na2 37. Rd1 c3 38. Nd3 c2 39. Rc1 Rb1 40. Kd2 Nxc1 41. Nxc1 Kf8 42. Bd3 Rb4 43. Bxc2 Rxd4+ 44. Ke3 Rc4 45. Kd3 Nc5+ 46. Ke3 0-1

[Event "Barcelona Gotic op 1st"]
[Site "Barcelona"]
[Date "2017.04.25"]
[Round "1"]
[White "De la Cruz Montero, Santiago"]
[Black "Lema Navalon, Eric"]
[Result "1/2-1/2"]
[WhiteElo "1853"]
[BlackElo "1530"]
[PlyCount "41"]
[EventDate "2017.04.25"]
[EventType "swiss"]
[EventRounds "9"]
[EventCountry "ESP"]
[SourceTitle "EXT 2018"]
[Source "ChessBase"]
[SourceDate "2017.10.13"]
[SourceVersion "1"]
[SourceVersionDate "2017.10.13"]
[SourceQuality "1"]

1. d4 d5 2. Bf4 e6 3. Nf3 c5 4. e3 Nc6 5. c3 Nf6 6. Bd3 Be7 7. 0-0 Nh5 8. Bg3 Nxg3 9. fxg3 Qc7 10. Nbd2 Bd7 11. Qe1 c4 12. Bc2 0-0 13. e4 b5 14. Kh1 Rab8 15. Qe3 Rbe8 16. e5 f6 17. exf6 Bxf6 18. Ng5 Bxg5 19. Qxg5 Qd8 20. Qh5 g6 21. Bxg6 1/2-1/2